000 00284nam a2200121Ia 4500
005 20251222154429.0
008 251222s9999||||xx |||||||||||||| ||spa||
020 _a950-614-278-5
082 _a189/A61
100 _a"Anselmo,San"
245 0 _aProslogion sobre la verdad
942 _cLIB
999 _c36351
_d36351